[Event "IECG CP.2004.Q.00009 email"]
[Site "IECG email"]
[Date "2006.01.20"]
[Round "?"]
[White "Safarian, Armen A"]
[Black "Andersen, Lars Kirstein"]
[Result "1-0"]
[WhiteElo "2177"]
[BlackElo "2083"]
[PlyCount "77"]
[EventDate "2006.01.20"]
[EventType "tourn (corr)"]
[EventRounds "6"]
[EventCountry "ARM"]
[SourceTitle "Corr 2008"]
[Source "ChessBase"]
[SourceDate "2008.06.24"]
[SourceVersion "1"]
[SourceVersionDate "2008.06.24"]
[SourceQuality "1"]

1. e4 c6 2. Nc3 d5 3. Qf3 dxe4 4. Nxe4 Nd7 5. d4 Ngf6 6. c3 e5 7. Nxf6+ Nxf6 8. dxe5 Ng4 9. Bf4 Bc5 10. Nh3 0-0 11. Bd3 Re8 12. Qg3 h5 13. 0-0-0 Qa5 14. Bb1 Be6 15. Rde1 Qd8 16. Re2 h4 17. Qf3 Qd5 18. Qxd5 Bxd5 19. f3 Nh6 20. Bxh6 gxh6 21. Nf4 Rad8 22. Nxd5 cxd5 23. Rd1 d4 24. c4 Re7 25. f4 Red7 26. Bd3 Kg7 27. Kc2 Rc7 28. Bf5 a6 29. Kd3 Re7 30. g4 hxg3 31. hxg3 Rb8 32. Rh1 Rh8 33. Reh2 f6 34. e6 a5 35. Rh5 b6 36. R1h4 a4 37. a3 Rc7 38. Ke4 Re7 39. Rg4+ 1-0